[Event "Moscow Open Young WGM"]
[Site "Moscow RUS"]
[Date "2011.02.03"]
[Round "6"]
[White "Fominykh, Maria"]
[Black "Zawadzka, Jolanta"]
[Result "0-1"]
[WhiteTitle "WIM"]
[BlackTitle "WGM"]
[WhiteElo "2306"]
[BlackElo "2371"]
[WhiteFideId "4142411"]
[BlackFideId "1122320"]
[EventDate "2011.01.29"]

1. d4 d5 2. c4 e6 3. Nf3 Nf6 4. g3 Bb4+ 5. Bd2 Be7 6. Bg2 c6 7. O-O O-O 8. Qc2
b6 9. Bf4 Ba6 10. Nbd2 Nbd7 11. Rfe1 Nh5 12. Be5 f6 13. cxd5 Nxe5 14. dxe5 cxd5
15. Nd4 Qd7 16. Qb3 Kh8 17. exf6 Bxf6 18. e3 g6 19. Rad1 Bb7 20. Bh3 Rae8 21.
N2f3 Qf7 22. Rd2 Bc8 23. Nb5 Rd8 24. Nfd4 a6 25. Na3 b5 26. Nc6 Rde8 27. Rc1 Bg7
28. Bg2 Nf6 29. Ne5 Qe7 30. Rdc2 Nd7 31. Nc6 Qf6 32. f4 Nb6 33. e4 dxe4 34. Bxe4
Bb7 35. Qf3 Bxc6 36. Bxc6 Rd8 37. Re2 Qd4+ 38. Kg2 e5 39. Rf1 exf4 40. gxf4 Nd5
41. Bxd5 Rxd5 42. Nc2 Qc5 43. Ne3 Rd3 44. Qe4 Rd4 45. Qf3 Bh6 46. Rc2 Qe7 47.
Nd5 Qd6 48. Rd1 Rxd1 49. Qxd1 Rd8 50. Qd4+ Bg7 51. Qe4 Bxb2 52. Rxb2 Qxd5 53.
Qxd5 Rxd5 54. Kf3 Rd4 55. Rc2 Ra4 56. Kg4 Kg7 57. h4 Ra3 58. h5 gxh5+ 59. Kxh5
Kf6 60. Kg4 b4 61. Rc6+ Ke7 62. Rc2 a5 63. Kf5 Rc3 64. Rh2 Rc5+ 65. Ke4 h5 66.
Kd4 Rb5 67. Kc4 Rf5 68. Rh4 Kd6 69. a3 Rc5+ 70. Kb3 Rc3+ 71. Kb2 Rxa3 72. Rxh5
Kc6 73. Re5 Kb6 74. f5 Rf3 75. Rd5 a4 76. Re5 Rf2+ 77. Kb1 b3 78. Re4 Kb5 79.
Re5+ Kb4 80. Re4+ Ka3 81. Re1 Rxf5 82. Ka1 Rf4 83. Rd1 Kb4 84. Rb1 a3 85. Rd1 a2
86. Rc1 Ka3 0-1

[Event "Moscow Open Young WGM"]
[Site "Moscow RUS"]
[Date "2011.02.03"]
[Round "6"]
[White "Girya, Olga"]
[Black "Galojan, Lilit"]
[Result "1/2-1/2"]
[WhiteTitle "WGM"]
[BlackTitle "IM"]
[WhiteElo "2429"]
[BlackElo "2385"]
[WhiteFideId "4195752"]
[BlackFideId "13301314"]
[EventDate "2011.01.29"]

1. d4 Nf6 2. Nf3 e6 3. c4 b6 4. g3 Ba6 5. Qa4 Bb7 6. Bg2 c5 7. dxc5 bxc5 8. O-O
Qb6 9. Nc3 Be7 10. Rd1 O-O 11. Bf4 Rd8 12. Rd2 h6 13. Qb5 d6 14. Rad1 Ne8 15. e4
Bc6 16. Qxb6 axb6 17. h4 Ra7 18. e5 Rad7 19. exd6 Bxd6 20. Ne5 Bxe5 21. Rxd7
Nxd7 22. Bxc6 Bd4 23. Kg2 Nb8 24. Bf3 Nd6 25. Bxd6 Rxd6 26. Nb5 Rd7 27. b4 Kf8
28. Rd3 Ke7 29. Ra3 cxb4 30. Ra8 Be5 31. Ra4 Rd2 32. Ra7+ Rd7 33. Ra4 Rd2 34.
Ra7+ Kf6 35. Be4 Nd7 36. Bc6 Ke7 37. Kf3 Kd8 38. Ke3 Bc3 39. Ra8+ Ke7 40. Ra7 e5
41. Nc7 Nc5 42. Nb5+ Kd8 1/2-1/2

[Event "Moscow Open Young WGM"]
[Site "Moscow RUS"]
[Date "2011.02.04"]
[Round "7"]
[White "Gunina, Valentina"]
[Black "Zhao, Xue"]
[Result "0-1"]
[WhiteTitle "WGM"]
[BlackTitle "GM"]
[WhiteElo "2471"]
[BlackElo "2496"]
[WhiteFideId "4167570"]
[BlackFideId "8601283"]
[EventDate "2011.01.29"]

1. d4 Nf6 2. Nf3 e6 3. Bg5 h6 4. Bh4 c5 5. e3 cxd4 6. exd4 b6 7. Nbd2 Be7 8. Bd3
Ba6 9. Bxa6 Nxa6 10. O-O O-O 11. Bxf6 Bxf6 12. c3 Nc7 13. Ne4 Be7 14. Ne5 d6 15.
Nd3 Nd5 16. Qe2 Qd7 17. Rae1 b5 18. f4 Rae8 19. Qh5 f5 20. Nef2 Bd8 21. Re2 Bb6
22. Rfe1 b4 23. Rc1 bxc3 24. bxc3 Rc8 25. Rec2 Rc4 26. Nb2 Rc7 27. c4 Rfc8 28.
Qe2 Nxf4 29. Qf3 g5 30. g3 Ng6 31. Rd1 Qf7 32. Re2 Kg7 33. c5 dxc5 34. d5 exd5
35. Rxd5 Ne7 36. Rde5 Nc6 37. Rxf5 Qg6 38. Qd5 Rd8 39. Re6 Rxd5 40. Rxg6+ Kxg6
41. Rxd5 Na5 42. Rd6+ Kg7 43. Na4 c4 44. Nxb6 axb6 45. Rxb6 c3 46. Rb1 Nc4 47.
Rc1 Ne5 48. Kg2 c2 49. Kf1 Nf3 50. Ke2 Rc3 51. Nd3 g4 52. Ne1 Kf6 53. Nxf3 gxf3+
54. Kd2 Rc8 55. Ke3 Ke5 56. Kxf3 Kd4 57. Kg4 Rc5 58. Kf4 Kd3 59. g4 Kd2 60.
Rxc2+ Kxc2 61. Ke4 Rg5 62. Kf4 Kd3 63. h4 Ra5 64. a3 Ra4+ 65. Kf5 Ke3 66. h5 Kf3 0-1

[Event "Moscow Open Young WGM"]
[Site "Moscow RUS"]
[Date "2011.02.04"]
[Round "7"]
[White "Zawadzka, Jolanta"]
[Black "Girya, Olga"]
[Result "1-0"]
[WhiteTitle "WGM"]
[BlackTitle "WGM"]
[WhiteElo "2371"]
[BlackElo "2429"]
[WhiteFideId "1122320"]
[BlackFideId "4195752"]
[EventDate "2011.01.29"]

1. e4 c6 2. d4 d5 3. Nc3 dxe4 4. Nxe4 Bf5 5. Ng3 Bg6 6. h4 h6 7. Nf3 Nd7 8. h5
Bh7 9. Bd3 Bxd3 10. Qxd3 e6 11. Bf4 Bb4+ 12. c3 Be7 13. O-O-O Ngf6 14. Kb1 O-O
15. Ne5 Qa5 16. Nxd7 Nxd7 17. Ne4 Qf5 18. Bc1 Nf6 19. Nxf6+ Qxf6 20. f4 Qf5 21.
Qxf5 exf5 22. Rde1 Bd6 23. Kc2 Rfe8 24. Rxe8+ Rxe8 25. Kd3 Kf8 26. a4 Re6 27.
Be3 g6 28. g3 Kg7 29. b4 Be7 30. b5 gxh5 31. Rxh5 Kg6 32. Rh1 Bf6 33. c4 Rd6 34.
bxc6 bxc6 35. c5 Rd7 36. Rb1 Kh5 37. a5 Kg4 38. a6 Re7 39. Rb7 Kf3 40. Rxe7 Bxe7
41. d5 Bd8 42. dxc6 Kxg3 43. c7 Bxc7 44. c6 h5 45. Bxa7 h4 46. Bg1 1-0

[Event "Moscow Open Young WGM"]
[Site "Moscow RUS"]
[Date "2011.02.04"]
[Round "7"]
[White "Ambartsumova, Karina"]
[Black "Kashlinskaya, Alina"]
[Result "1-0"]
[WhiteTitle "WIM"]
[BlackTitle "WGM"]
[WhiteElo "2332"]
[BlackElo "2327"]
[WhiteFideId "4166299"]
[BlackFideId "4198026"]
[EventDate "2011.01.29"]

1. e4 e5 2. Nf3 Nc6 3. d4 exd4 4. Nxd4 Bc5 5. Nb3 Bb4+ 6. Bd2 Bxd2+ 7. Qxd2 Nf6
8. Nc3 O-O 9. O-O-O d6 10. f3 Be6 11. g4 a5 12. Nd4 Nxd4 13. Qxd4 Nd7 14. h4 Ne5
15. Be2 Qf6 16. Qe3 Ng6 17. Nd5 Bxd5 18. Rxd5 c6 19. Rd2 Rfe8 20. Qa3 d5 21.
exd5 Nf4 22. Bd3 cxd5 23. Bb5 Re6 24. Qc5 Qe5 25. Rhd1 b6 26. Qd4 Qc7 27. Kb1 h6
28. Qa4 Re3 29. Bc6 Rd8 30. c4 d4 31. Rxd4 Rxd4 32. Rxd4 Re1+ 33. Kc2 Ne6 34.
Rd2 Qe5 35. Be4 Nc5 36. Rd8+ 1-0

[Event "Moscow Open Young WGM"]
[Site "Moscow RUS"]
[Date "2011.02.05"]
[Round "8"]
[White "Fominykh, Maria"]
[Black "Ambartsumova, Karina"]
[Result "1-0"]
[WhiteTitle "WIM"]
[BlackTitle "WIM"]
[WhiteElo "2306"]
[BlackElo "2332"]
[WhiteFideId "4142411"]
[BlackFideId "4166299"]
[EventDate "2011.01.29"]

1. d4 Nf6 2. c4 e6 3. Nf3 d5 4. g3 dxc4 5. Bg2 Nc6 6. Qa4 Bb4+ 7. Bd2 Bd6 8. O-O
Bd7 9. Qxc4 b5 10. Qd3 O-O 11. Nc3 Nb4 12. Qb1 Rb8 13. e4 Be7 14. a3 Nc6 15. Rd1
Qc8 16. d5 exd5 17. Nxd5 Nxd5 18. exd5 Bf5 19. Qc1 Nd8 20. Nd4 Bg4 21. Re1 Bd6
22. Qc2 Qd7 23. b4 h6 24. a4 a6 25. axb5 axb5 26. Ra5 Re8 27. Rxe8+ Qxe8 28. Qe4
Qd7 29. Nxb5 Nb7 30. Ra7 Re8 31. Qd4 Qf5 32. h3 Bxh3 33. Rxb7 Qb1+ 34. Kh2 Bxg2
35. Kxg2 Re4 36. Nc3 1-0

[Event "Moscow Open Young WGM"]
[Site "Moscow RUS"]
[Date "2011.02.05"]
[Round "8"]
[White "Girya, Olga"]
[Black "Munguntuul, Batkhuyag"]
[Result "1/2-1/2"]
[WhiteTitle "WGM"]
[BlackTitle "IM"]
[WhiteElo "2429"]
[BlackElo "2410"]
[WhiteFideId "4195752"]
[BlackFideId "4900758"]
[EventDate "2011.01.29"]

1. d4 d5 2. c4 e6 3. Nf3 Nf6 4. Nc3 Be7 5. Bg5 O-O 6. e3 Nbd7 7. Bd3 dxc4 8.
Bxc4 c5 9. O-O a6 10. a4 cxd4 11. exd4 Nb6 12. Bb3 Bd7 13. a5 Nbd5 14. Bxd5 Nxd5
15. Nxd5 exd5 16. Bxe7 Qxe7 17. Qb3 Bb5 18. Rfe1 Qd6 19. Re5 Bc4 20. Qe3 Qb4 21.
Re1 Qxb2 22. Re7 Qb4 23. Qe5 Rad8 24. Qf5 h6 25. h3 Bb3 26. Rc7 Qxa5 27. Rxb7
Rb8 28. Rxb8 Rxb8 29. Re7 Rf8 30. Ne5 Qe1+ 31. Kh2 Qe4 32. Qxe4 dxe4 33. Ra7 Rd8
34. Nc6 Rd6 35. Rxa6 Kh7 36. Ra3 Be6 37. Rc3 f5 38. Rc5 f4 39. h4 e3 40. fxe3
fxe3 41. Kg3 e2 42. Kf2 Bd5 43. Ne5 Bxg2 44. Kxe2 Rxd4 45. Kf2 Bd5 46. Kg3 Be6
47. Rc6 Bf5 48. Rc5 g6 49. Rc4 Rxc4 50. Nxc4 Kg7 51. Kf4 Kf6 52. Ne3 Be6 53. Nc2
Bb3 54. Ne3 Be6 55. Nc2 g5+ 56. hxg5+ hxg5+ 57. Kg3 Ke5 1/2-1/2

[Event "Moscow Open Young WGM"]
[Site "Moscow RUS"]
[Date "2011.02.05"]
[Round "8"]
[White "Gunina, Valentina"]
[Black "Galojan, Lilit"]
[Result "1-0"]
[WhiteTitle "WGM"]
[BlackTitle "IM"]
[WhiteElo "2471"]
[BlackElo "2385"]
[WhiteFideId "4167570"]
[BlackFideId "13301314"]
[EventDate "2011.01.29"]

1. d4 Nf6 2. Nf3 e6 3. c4 b6 4. g3 Ba6 5. b3 b5 6. c5 d6 7. cxd6 cxd6 8. Bg2
Nbd7 9. O-O Rc8 10. Bb2 Be7 11. Nbd2 O-O 12. e4 d5 13. e5 Ne8 14. Re1 b4 15. a3
Qb6 16. axb4 Nc7 17. Qb1 h6 18. Qa2 Nb8 19. Rec1 Nc6 20. b5 Bxb5 21. Ba3 Bxa3
22. Qxa3 Na6 23. Nc4 dxc4 24. bxc4 Nxd4 25. Nxd4 Bxc4 26. Qd6 Nb8 27. Rab1 Qxd6
28. exd6 Bd3 29. Rxc8 Rxc8 30. Rd1 Ba6 31. f4 g6 32. Rb1 Kf8 33. Be4 Nd7 34. Nc6
Nf6 35. Bg2 Ke8 1-0

[Event "Moscow Open Young WGM"]
[Site "Moscow RUS"]
[Date "2011.02.06"]
[Round "9"]
[White "Galojan, Lilit"]
[Black "Zhao, Xue"]
[Result "1/2-1/2"]
[WhiteTitle "IM"]
[BlackTitle "GM"]
[WhiteElo "2385"]
[BlackElo "2496"]
[WhiteFideId "13301314"]
[BlackFideId "8601283"]
[EventDate "2011.01.29"]

1. d4 Nf6 2. Nf3 e6 3. c4 d5 4. cxd5 exd5 5. Nc3 Bb4 6. Bg5 Nbd7 7. e3 c5 8. Bd3
Qa5 9. Qc2 c4 10. Bf5 O-O 11. O-O Re8 12. Nd2 g6 13. Bh3 Kg7 14. a3 Bxc3 15.
Qxc3 Qxc3 16. bxc3 Ne4 17. Nxe4 dxe4 18. Bxd7 Bxd7 19. Rfb1 Bc6 20. Rb4 f6 21.
Bf4 g5 22. Bg3 Bd5 23. Rb5 Rad8 1/2-1/2

[Event "Moscow Open Young WGM"]
[Site "Moscow RUS"]
[Date "2011.02.06"]
[Round "9"]
[White "Zawadzka, Jolanta"]
[Black "Gunina, Valentina"]
[Result "1/2-1/2"]
[WhiteTitle "WGM"]
[BlackTitle "WGM"]
[WhiteElo "2371"]
[BlackElo "2471"]
[WhiteFideId "1122320"]
[BlackFideId "4167570"]
[EventDate "2011.01.29"]

1. e4 c6 2. d4 d5 3. Nc3 dxe4 4. Nxe4 Bf5 5. Ng3 Bg6 6. h4 h6 7. Nf3 Nd7 8. h5
Bh7 9. Bd3 Bxd3 10. Qxd3 e6 11. Bf4 Bb4+ 12. c3 Be7 13. O-O-O Ngf6 14. Kb1 O-O
15. Ne5 Nd5 16. Bc1 Nxe5 17. dxe5 b5 18. Ne4 Qc7 19. f4 Rad8 20. Qe2 Nb6 21.
Rdg1 b4 22. g4 bxc3 23. Nxc3 Rd4 24. g5 hxg5 25. fxg5 Nc4 26. g6 Qxe5 27. h6 Bf6
28. hxg7 Bxg7 29. Bh6 fxg6 30. Rxg6 Qf5+ 31. Qc2 Rd7 32. Rhg1 Rff7 33. Qxf5 exf5
34. Rxc6 Ne5 35. Rc5 Ng4 36. Bxg7 Kxg7 37. Nd5 Kh6 38. Rc6+ Kg5 39. Ne3 Rd3 40.
Nc4 Re7 41. Rc5 Rd4 42. Ne5 Re4 43. Nf3+ Kf6 44. Rc6+ R7e6 45. Rgc1 Rf4 46. R1c3
Rxc6 47. Rxc6+ Ke7 48. Rc3 Kd6 49. Kc2 Nf6 50. Ra3 Ne4 51. Kd1 Nc5 52. Nd2 a6
53. Ke2 Ra4 54. Rxa4 Nxa4 55. Nc4+ Kd5 56. b3 Nc3+ 57. Kd3 Nxa2 58. Ne3+ Ke5 59.
Nxf5 Kxf5 60. Kc4 Ke4 61. b4 Ke3 62. b5 axb5+ 1/2-1/2

[Event "Moscow Open Young WGM"]
[Site "Moscow RUS"]
[Date "2011.02.06"]
[Round "9"]
[White "Ambartsumova, Karina"]
[Black "Girya, Olga"]
[Result "0-1"]
[WhiteTitle "WIM"]
[BlackTitle "WGM"]
[WhiteElo "2332"]
[BlackElo "2429"]
[WhiteFideId "4166299"]
[BlackFideId "4195752"]
[EventDate "2011.01.29"]

1. e4 c5 2. Nf3 Nc6 3. Bb5 Nf6 4. e5 Nd5 5. O-O Nc7 6. Bxc6 dxc6 7. h3 Bf5 8. d3
e6 9. Nbd2 Be7 10. Nc4 Nd5 11. Bd2 O-O 12. Qe2 b5 13. Na5 Qc7 14. a3 Nb6 15.
Rfc1 Rad8 16. Nb3 c4 17. Nbd4 Bg6 18. b3 Bc5 19. Be3 Bxd4 20. Nxd4 c3 21. b4 Nd5
22. Bg5 Ra8 23. Nb3 h6 24. Bh4 a5 25. Nxa5 c5 26. Rcb1 cxb4 27. axb4 Nxb4 28.
Rxb4 Rxa5 29. Rab1 Ra4 30. Bg3 Rxb4 31. Rxb4 Qa5 32. Rb3 Rc8 33. Qd1 Qa4 34. Kh2
Kh7 35. Rb1 Rc5 36. Rb3 Qd4 37. Qb1 Qd7 38. Qa1 Qc6 39. Rb4 Qd5 40. Qb1 Bf5 41.
h4 Qd7 42. Bf4 Qe7 43. Be3 Rxe5 44. Qb3 Rd5 45. Qxc3 Qd6+ 46. Kg1 e5 47. Qe1 Bd7
48. Rb1 Bc6 49. Qb4 Qg6 50. f3 f5 51. Ra1 Rd6 52. Kh2 Re6 53. Ra7 Qh5 54. Re7
Rg6 55. Qe1 Rxg2+ 0-1

[Event "Moscow Open Young WGM"]
[Site "Moscow RUS"]
[Date "2011.02.06"]
[Round "9"]
[White "Kashlinskaya, Alina"]
[Black "Fominykh, Maria"]
[Result "0-1"]
[WhiteTitle "WGM"]
[BlackTitle "WIM"]
[WhiteElo "2327"]
[BlackElo "2306"]
[WhiteFideId "4198026"]
[BlackFideId "4142411"]
[EventDate "2011.01.29"]

1. d4 g6 2. Nf3 Bg7 3. g3 c5 4. d5 b5 5. e4 a6 6. a4 b4 7. a5 d6 8. Bg2 Nf6 9.
Nbd2 O-O 10. O-O e6 11. dxe6 Bxe6 12. Re1 Ra7 13. Ng5 Bg4 14. f3 Bd7 15. Nc4 Ne8
16. f4 Bb5 17. Ne3 Nc6 18. Nd5 Nc7 19. Ne3 Re8 20. Ra2 c4 21. h4 Ne6 22. Nd5 b3
23. cxb3 cxb3 24. Qxb3 Nc5 25. Qd1 Nd3 26. Be3 Nxe1 27. Bxa7 Nxa7 28. Qxe1 Bc4
29. Qf2 Nc6 30. Ra4 Bb3 31. Ra3 Bxd5 32. Qc2 Nd4 0-1